000 01109nam a2200325Ia 4500
003 OSt
005 20221007124140.0
006 a|||||r|||| 00| 0
007 ta
008 221006b |||||||| |||| 00| 0 eng d
020 _a9781847558534 (hbd)
024 _a113003
037 _b1034, 18/06/2010, Ashutosh Technical Books
_cTextbook
040 _aCDL
_cCDL
_beng
041 _2eng
_aeng
082 _aE:219, Q0 Carc
100 _aHobza Pavel
_9718543
245 0 _aNon-covalent interactions:theory and experiment
260 _aCambridge
_bRSC Publishing
_c2010
300 _axii, 225p.
_ccm.
490 _aRSC Theoretical and computational chemistry series
500 _aIncludes bibliographical references.; Index 221-225p.
650 _a Chemical bonds
650 _a Chemistry and physical chemistry
_9718544
650 _a Computational chemistry
650 _a Quantum and theoretical chemistry
_9718075
650 _aChemistry
942 _hE:219, Q0 Carc
_cTB
_2CC
999 _c1213082
_d1213082